MARC details
| 000 -LEADER |
| campo de control de longitud fija |
01313nam a22002895i 4500 |
| 001 - NÚMERO DE CONTROL |
| campo de control |
158518 |
| 003 - IDENTIFICADOR DE NÚMERO DE CONTROL |
| campo de control |
ES-MaACL |
| 005 - FECHA Y HORA DE LA ÚLTIMA TRANSACCIÓN |
| campo de control |
20250806060945.0 |
| 008 - DATOS DE LONGITUD FIJA--INFORMACIÓN GENERAL |
| campo de control de longitud fija |
040831s1801 fr |||| | fre d |
| 040 ## - FUENTE DE CATALOGACIÓN |
| Centro catalogador/agencia de origen |
CAM |
| Lengua de catalogación |
spa |
| Centro/agencia transcriptor |
CAM |
| 080 ## - NÚMERO DE LA CLASIFICACIÓN DECIMAL UNIVERSAL |
| Número de la Clasificación Decimal Universal |
340.6 |
| 100 1# - ENTRADA PRINCIPAL--NOMBRE DE PERSONA |
| Nombre de persona |
Mahon, Paul Augustin Olivier, |
| Fechas asociadas al nombre |
1752-1801 |
| Término indicativo de función/relación |
Autor |
| 9 (RLIN) |
129358 |
| 245 10 - MENCIÓN DEL TÍTULO |
| Título |
Médecine légale et police médicale / |
| Mención de responsabilidad, etc. |
de P.A.O. Mahon ; avec quelques notes du cit. Fautrel. |
| 260 ## - PUBLICACIÓN, DISTRIBUCIÓN, ETC. |
| Lugar de publicación, distribución, etc. |
A Paris : |
| Nombre del editor, distribuidor, etc. |
chez F. Buisson, |
| Lugar de publicación, distribución, etc. |
et a Rouen : |
| Nombre del editor, distribuidor, etc. |
chez J.B.M. Robert, imp., |
| Fecha de publicación, distribución, etc. |
An X, 1801. |
| 300 ## - DESCRIPCIÓN FÍSICA |
| Extensión |
2 volúmenes (XXXI, [1], 366, [2] ; [4], 506, [2] páginas) ; |
| Dimensiones |
20 cm. |
| 500 ## - NOTA GENERAL |
| Nota general |
Faux-titre : "Oeuvres posthumes du docteur Mahon" |
| 530 ## - NOTA DISPONIBLE DE FORMULARIO FÍSICO ADICIONAL |
| Nota de formato físico adicional disponible |
Disponible en formato digital |
| 597 ## - NOTA DE DESCRIPCIÓN FÍSICA |
| NOTA DE DESCRIPCIÓN FÍSICA |
Signaturizado |
| 650 #7 - PUNTO DE ACCESO ADICIONAL DE MATERIA--TÉRMINO DE MATERIA |
| Término de materia o nombre geográfico como elemento de entrada |
Medicina legal |
| Fuente del encabezamiento o término |
embne |
| 9 (RLIN) |
14928 |
| 700 1# - ENTRADA AGREGADA--NOMBRE PERSONAL |
| Nombre de persona |
Fautrel, Pierre Nicolas, |
| Fechas asociadas al nombre |
1780-1833? |
| Término indicativo de función/relación |
Colaborador |
| 9 (RLIN) |
149701 |
| 852 ## - LOCALIZACIÓN |
| Ubicación |
ES-MaACL |
| Ubicación en estantería |
Depósito |
| Signatura antigua |
Olim: G-14113-14 |
| Marcas de propiedad |
Ex-libris ms. de Mateo Seoane, 1812 |
| Número de control de estantería |
R-2158-59 |
| 856 ## - LOCALIZACIÓN Y ACCESO ELECTRÓNICOS |
| Identificador Uniforme de Recursos |
<a href="https://archive.org/details/b21365271_001/page/n3/mode/2up">https://archive.org/details/b21365271_001/page/n3/mode/2up</a> |
| Texto de enlace |
Versión en línea: v. 1 |
| Nota pública |
(Internet Archive) |
| 856 ## - LOCALIZACIÓN Y ACCESO ELECTRÓNICOS |
| Identificador Uniforme de Recursos |
<a href="https://archive.org/details/b21365271_0002/page/n5/mode/2up">https://archive.org/details/b21365271_0002/page/n5/mode/2up</a> |
| Texto de enlace |
Versión en línea: v. 2 |
| Nota pública |
(Internet Archive) |
| 942 ## - ELEMENTOS DE ENTRADA SECUNDARIOS (KOHA) |
| Fuente del sistema de clasificación o colocación |
Clasificación decimal universal |
| Tipo de ítem Koha |
Libro impreso antiguo |
| Suprimir en OPAC |
No |